000 00430nam a2200157Ia 4500
005 20250703024837.0
008 240331s9999 xx 000 0 und d
020 _a95580333332
082 _bFRA
_a823
100 _aFrank,A
245 2 _aA Diary of a young girl :
_bYawwaniyakage dinapotha
260 _aDehiwala
_bVidarshana Publishers
_c2000
300 _a381 p .,
500 _atranslation of A Diary of young girl
942 _cL
999 _c4514
_d4514